| 000 | 02202nam a22003137a 4500 | ||
|---|---|---|---|
| 999 |
_c94578 _d94578 |
||
| 003 | NALT | ||
| 005 | 20250723150820.0 | ||
| 008 | 180402b th ||||| |||| 00| 0 tha d | ||
| 020 | _a9786162713743 | ||
| 040 | _aNALT | ||
| 090 |
_aKP 96 _bพ997น 2560 |
||
| 100 | 0 |
_aไพศาล ลิ้มสถิตย์ _926857 |
|
| 245 | 1 | 0 |
_aแนวทางการปฏิรูปกฎหมายยาเสพติด : _bกรณีศึกษาเปรียบเทียบ การจัดการพืชกระท่อมของไทยและต่างประเทศ / _cโดย ไพศาล ลิ้มสถิตย์. |
| 260 |
_aสงขลา : _bแผนงานภาคีวิชาการสารเสพติด (ภวส), _c2560. |
||
| 300 |
_a193 หน้า : _bภาพประกอบ, แผนภูมิ, ตาราง ; _c26 ซม. |
||
| 650 | 4 |
_910262 _aกฎหมายยาเสพติด _xวิจัย |
|
| 650 | 4 |
_aกฎหมายยาเสพติด _910257 |
|
| 650 | 4 |
_927738 _aกระท่อม (พืช) _xการจัดการ _xวิจัย |
|
| 650 | 4 |
_910259 _aกฎหมายยาเสพติด _zสหรัฐอเมริกา |
|
| 650 | 4 |
_927739 _aกฎหมายยาเสพติด _zมาเลเซีย |
|
| 650 | 4 |
_927740 _aกฎหมายยาเสพติด _zออสเตรเลีย |
|
| 650 | 4 |
_927741 _aกฎหมายยาเสพติด _zนิวซีแลนด์ |
|
| 710 | 2 |
_927744 _aสำนักงานกองทุนสนับสนุนการสร้างเสริมสุขภาพ. _bแผนงานภาคีวิชาการสารเสพติด (ภวส) |
|
| 710 | 2 |
_927745 _aมหาวิทยาลัยสงขลานครินทร์. _bคณะแพทยศาสตร์. _bหน่วยระบาดวิทยา |
|
| 850 | _aNALT | ||
| 942 |
_cRSH _2local |
||
| 998 |
_abijaya _c101 _j8 _k นายบัณฑิต อุทาวงค์ |
||